Dáte si Madeiru ?

Základné údaje o Madeire. Informácie o Madeire - zelenej perle Atlantiku, ostrove večnej jari, kvetináči uprostred oceánu, ostrove dreva, čipky, hôr a skvelej pešej turistiky. Madeirské víno.

Salvato in:
Dettagli Bibliografici
Autore principale: Lacika, Ján
Natura: Capitolo di libro
Lingua:slovacco
Soggetti:
Tags: Aggiungi Tag
Nessun Tag, puoi essere il primo ad aggiungerne!!

MARC

LEADER 00000naa$a2200000$$$4500
001 0070417
005 20231127084749.4
041 0 |a slo 
044 |a SK 
245 1 0 |a Dáte si Madeiru ?  |c Ján Lacika 
520 |a Základné údaje o Madeire. Informácie o Madeire - zelenej perle Atlantiku, ostrove večnej jari, kvetináči uprostred oceánu, ostrove dreva, čipky, hôr a skvelej pešej turistiky. Madeirské víno. 
610 2 0 |a demografia 
610 2 0 |a geografia 
610 2 0 |a obyvateľstvo 
610 2 0 |a vývoj 
610 2 0 |a štát 
610 2 0 |a Madeira 
100 1 |a Lacika, Ján